The renegade order: How Trump wields American power (Record no. 529752)

000 -LEADER
fixed length control field 01502nam a22001337a 4500
008 - FIXED-LENGTH DATA ELEMENTS--GENERAL INFORMATION
fixed length control field 250507b ||||| |||| 00| 0 eng d
100 ## - MAIN ENTRY--PERSONAL NAME
Personal name Brands, Hal
245 ## - TITLE STATEMENT
Title The renegade order: How Trump wields American power
260 ## - PUBLICATION, DISTRIBUTION, ETC. (IMPRINT)
Place of publication, distribution, etc Foreign Affairs
300 ## - PHYSICAL DESCRIPTION
Extent 104(2), Mar-Apr, 2025: p.22-35
520 ## - SUMMARY, ETC.
Summary, etc Donald Trump has already transformed the American political order. Not since Ronald Reagan has a president so dominated the national landscape or shifted its ideological terrain. In his second term, Trump could reshape global order in ways no less profound. Today’s reigning, U.S.-led international system—call it Pax Americana, the liberal order, or the rules-based international order—arose from a brutal Eurasian century. The great global struggles of the modern era were contests to rule the Eurasian supercontinent. They inflicted horrific damage on humanity. They also created the most successful international order the world has ever known. That system has provided generations of great-power peace, prosperity, and democratic supremacy. It has bestowed pervasive, world-changing benefits that are now taken for granted. After the West’s victory in the Cold War, Washington sought to make that order global and permanent. Now, however, a fourth battle for Eurasia is raging, and the system is being menaced on every front.-Reproduced

https://www.foreignaffairs.com/united-states/renegade-order-trump-hal-brands
773 ## - HOST ITEM ENTRY
Main entry heading Foreign Affairs
942 ## - ADDED ENTRY ELEMENTS (KOHA)
Item type Articles
Holdings
Withdrawn status Lost status Source of classification or shelving scheme Damaged status Not for loan Permanent location Current location Date acquired Serial Enumeration / chronology Barcode Date last seen Koha item type
          Indian Institute of Public Administration Indian Institute of Public Administration 2025-05-07 104(2), Mar-Apr, 2025: p.22-35 AR135631 2025-05-07 Articles

Powered by Koha